=LDR 00000nam 2200000 4500 =001 INLIS000000000023875 =005 20130612122511 =008 ***********************************Ind** =035 ##$$0010-061300000023875 =041 ##$$a Ind =082 ##$$a 415 =090 ##$$a 415, Kri b =100 ##$$a Kridalaksana, Harimurti =245 ##$$a Beberapa prinsip perpaduan leksem dalam bahasa Indonesia, Harimurti Kridalaksana =260 ##$$a 1988 $b Yogyakarta =300 ##$$a 248 hlm, 21 cm =650 ##$$a Bahasa Indonesia =850 ##$$a NBPNMAT =990 ##$$a 0001/BPAP-NTB/2015